| 000 | 00708 a2200193 4500 | ||
|---|---|---|---|
| 003 | NUST | ||
| 005 | 20251125153211.0 | ||
| 040 | _cNust | ||
| 082 | _a621.382,HAS | ||
| 100 |
_aHassan, Ammar ( TCC-20) _9132080 |
||
| 245 |
_aFPGA Implementation Of Hand Veins Recognition System / _cSGT Ammar Hassan.GC Ahmad Raza Khan and GC Umer Farooq |
||
| 260 |
_aRawalpindi _bMCS (NUST) _c2012 |
||
| 300 | _ax,72 p.; | ||
| 505 | _aIntroduction (Page-1), Literature Review (Page-7), System Modules (Page-27), Application Development and Working (Page-46), References (Page-51). | ||
| 650 |
_aUG Projects _998716 |
||
| 651 |
_aTCC-20 _9131219 |
||
| 700 |
_aSupervised by Maj Dr. Adil Masood _9132081 |
||
| 942 |
_cPR _2ddc |
||
| 999 |
_c190690 _d190690 |
||